Entry Nombre personal
001 - NÚMERO DE CONTROL
- campo de control: 114164
003 - IDENTIFICADOR DE NÚMERO DE CONTROL
- campo de control: SpMaBN
005 - FECHA Y HORA DE LA ÚLTIMA TRANSACCIÓN
- campo de control: 20250817023526.0
008 - ELEMENTOS DE DATO DE LONGITUD-FIJA
- campo de control de longitud fija: 980428n| aijnnaabn |a aaa
016 ## - NÚMERO DE CONTROL DE UNA AGENCIA BIBLIOGRÁFICA NACIONAL
- Número de control del registro: BNE19981397730
024 7# - IDENTIFICADOR DE OTROS ESTÁNDARES
- Número estándar o código: http://viaf.org/viaf/2543732/
- Fuente: viaf
024 7# - IDENTIFICADOR DE OTROS ESTÁNDARES
- Número estándar o código: https://isni.org/isni/000000008350479X
- Fuente: isni
024 7# - IDENTIFICADOR DE OTROS ESTÁNDARES
- Número estándar o código: http://www.wikidata.org/entity/Q3426975
- Fuente: wikidata
040 ## - FUENTE DE CATALOGACIÓN
- Centro catalogador/agencia de origen: SpMaBN
- Lengua de catalogación: spa
- Centro/agencia transcriptor: SpMaBN
- Normas de descripción: rdc
- Convención/Normas de encabezamiento de materia/tesauro: embne
046 ## - FECHAS CON CODIFICACIÓN ESPECIAL
- Fecha de nacimiento: 1852
- Fecha de la muerte: 1938
100 1# - ENCABEZAMIENTO-NOMBRE DE PERSONA
- Nombre de persona: Verneau, René,
- Fechas asociadas al nombre: 1852-1938
370 ## - LUGAR ASOCIADO
- Lugar de nacimiento: La Chapelle-sur-Loire
- Fuente de información: Wikidata
374 ## - OCUPACIÓN
- Ocupación: Antropólogos
- Fuente de información: Wikidata
375 ## - GÉNERO/SEXO
- Género: Masculino
- Fuente de información: Wikidata
377 ## - IDIOMA ASOCIADO
- Término de lengua/lenguaje: Francés
400 1# - TRAZADO DE VÉASE--NOMBRE DE PERSONA
- Nombre de persona: Verneau, R.,
- Fechas asociadas al nombre: 1852-1938
670 ## - FUENTE DE DATOS ENCONTRADOS
- Cita de la fuente: La isla hermosa y triste, 2004
- Información encontrada: port. (René Verneau) solapa (n. 1852 en La Chapelle-m. 1938 en París; médico, botánico y antropólogo)
670 ## - FUENTE DE DATOS ENCONTRADOS
- Cita de la fuente: WWW BN-OPALE Plus, 2-2-2005
- Información encontrada: (Verneau, René (1852-1938))
